|
|
|
|
| LEADER |
00858nam a2200229 a 4500 |
| 001 |
003409132-7 |
| 008 |
100210s1990 paua 000 0 eng d |
| 020 |
|
|
|a 0030469848
|
| 040 |
|
|
|a WAU
|c WAU
|d CLS
|d BD-DhAAL
|
| 082 |
0 |
0 |
|a 530
|2 20
|
| 100 |
1 |
|
|a Jesse, Kenneth E.
|
| 245 |
1 |
|
|a The study guide to accompany University physics ,/
|c written by Kenneth E. Jesse for P.S. Associates, Inc.
|
| 250 |
|
|
|a 2nd ed.
|
| 260 |
|
|
|a Philadelphia :
|b Saunders College Pub.,
|c 1990
|
| 300 |
|
|
|a vii, 546 p. :
|b ill. ;
|c 28 cm.
|
| 541 |
1 |
|
|e 00009828
|
| 650 |
|
0 |
|a Physics.
|
| 700 |
1 |
|
|a Hudson, Alvin.
|
| 710 |
2 |
|
|a P.S. Associates.
|
| 852 |
4 |
|
|a Ayesha Abed Library
|j General shelf
|
| 999 |
|
|
|c 7479
|d 7479
|
| 952 |
|
|
|0 0
|1 0
|2 ddc
|4 0
|6 530_JES_199000000000000
|7 0
|9 8044
|a BRACUL
|b BRACUL
|c GEN
|d 2010-02-11
|l 28
|m 160
|o 530 JES
|p 3010009828
|q 2026-05-06
|r 2025-07-12
|s 2025-07-12
|t 1
|w 2010-02-11
|y BK
|